000 00434nam a2200157Ia 4500
008 240729s9999 xx 000 0 und d
022 _a2699-0369
245 0 _aPhilosophy and the Mind Sciences
260 _aGermany
260 _bMIND Group
650 _a Philosophy (General)
650 _aPhilosophy. Psychology. Religion
856 _uhttps://doaj.org/toc/6b1a84d4e23e4c28a658ec3dca8d93a9
942 _2ddc
942 _cDOAJEJ
999 _c69347
_d69347
945 _a1
_bMadushi Gamage
_c1
_dMadushi Gamage